Java network programming: A complete guide to networking, streams, and distributed computing (Record no. 354)

MARC details
000 -LEADER
fixed length control field 00544nam a2200193Ia 4500
008 - FIXED-LENGTH DATA ELEMENTS--GENERAL INFORMATION
fixed length control field 130318s9999 xx 000 0 und d
020 ## - INTERNATIONAL STANDARD BOOK NUMBER
International Standard Book Number 8187940069
082 ## - DEWEY DECIMAL CLASSIFICATION NUMBER
Classification number 005.133J HUG/J
100 ## - MAIN ENTRY--PERSONAL NAME
Personal name Huges, Merlin
245 ## - TITLE STATEMENT
Title Java network programming: A complete guide to networking, streams, and distributed computing
250 ## - EDITION STATEMENT
Edition statement 2
260 ## - PUBLICATION, DISTRIBUTION, ETC.
Name of publisher, distributor, etc. Manning
Place of publication, distribution, etc. Pune
Date of publication, distribution, etc. 2001
300 ## - PHYSICAL DESCRIPTION
Extent 807
650 ## - SUBJECT ADDED ENTRY--TOPICAL TERM
Topical term or geographic name entry element JAVA
650 ## - SUBJECT ADDED ENTRY--TOPICAL TERM
Topical term or geographic name entry element OBJECT ORIENTED PROGRAMMING
650 ## - SUBJECT ADDED ENTRY--TOPICAL TERM
Topical term or geographic name entry element PROGRAMMING LANGUAGE
700 ## - ADDED ENTRY--PERSONAL NAME
Personal name Hamner, Derek
700 ## - ADDED ENTRY--PERSONAL NAME
Personal name Shoffner, Michael
Holdings
Withdrawn status Lost status Damaged status Not for loan Collection code Home library Current library Date acquired Cost, normal purchase price Total Checkouts Full call number Barcode Date last seen Price effective from Koha item type
        Programming in JAVA Kerala University of Digital Sciences, Innovation and Technology Knowledge Centre Kerala University of Digital Sciences, Innovation and Technology Knowledge Centre 18/03/2013 382.00   005.133J HUG/J 355 18/03/2013 18/03/2013 Archives